[Event "28.Alpenpokal"]
[Site "?"]
[Date "2002.??.??"]
[Round "2"]
[White "Gerhards, Walter"]
[Black "Schulz, Hermann"]
[Result "1-0"]
[WhiteElo "2086"]
[BlackElo "1667"]
[Annotator "ChessOrg"]
[PlyCount "59"]

1. e4 c5 2. Nf3 d6 3. d4 cxd4 4. Nxd4 Nf6 5. Nc3 g6 6. Be2 Bg7 7. Be3 O-O 8.
Qd2 a6 9. h4 h5 10. O-O-O Qc7 11. f4 b5 12. Bf3 Bb7 13. f5 Nbd7 14. fxg6 Ne5
15. gxf7+ Rxf7 16. Bh6 Bc8 17. Qg5 Kh7 18. Bxg7 Rxg7 19. Qf4 Bd7 20. Nf5 Bxf5
21. Qxf5+ Kg8 22. Bxh5 b4 23. Nd5 Nxd5 24. exd5 Rc8 25. Rd2 Nc4 26. Rf2 Kh8 27.
Bg6 Ne5 28. Qh5+ Kg8 29. Bf5 Rf8 30. Be6+ 1-0

[Event "28.Alpenpokal"]
[Site "?"]
[Date "2002.??.??"]
[Round "2"]
[White "Rueggeberg, Wilhelm"]
[Black "Otto, Matthias"]
[Result "1-0"]
[WhiteElo "1847"]
[BlackElo "1660"]
[Annotator "ChessOrg"]
[PlyCount "101"]

1. d4 Nf6 2. Nf3 e6 3. c4 c5 4. d5 exd5 5. cxd5 d6 6. Nc3 g6 7. e4 Bg7 8. Bg5
O-O 9. Qd2 Re8 10. Bd3 Bg4 11. Qf4 Bxf3 12. Qxf3 a6 13. a4 Nbd7 14. Bf4 Ne5 15.
Bxe5 Rxe5 16. O-O Qb6 17. Rab1 Rae8 18. Rfe1 Qb3 19. Re2 c4 20. Bc2 Qb4 21. h3
b5 22. g4 Qa5 23. axb5 axb5 24. b4 cxb3 25. Bxb3 b4 26. Ra2 Qc5 27. Ne2 Rxe4
28. Rc1 Qb5 29. Ng3 Re1+ 30. Rxe1 Rxe1+ 31. Kg2 h5 32. g5 Ne4 33. Nxe4 Qf1+ 34.
Kg3 Qg1+ 35. Kh4 Be5 36. Re2 Ra1 37. Nf6+ Kg7 38. Ra2 Rxa2 39. Bxa2 Qa1 40. Bb3
Qd4+ 41. Ne4 f6 42. gxf6+ Bxf6+ 43. Qxf6+ Qxf6+ 44. Nxf6 Kxf6 45. Kg3 g5 46. h4
g4 47. Kf4 Kg6 48. Bc2+ Kf6 49. Bd3 b3 50. Bc4 b2 51. Bd3 1-0

[Event "28.Alpenpokal"]
[Site "?"]
[Date "2002.??.??"]
[Round "2"]
[White "Czech, Gerhard"]
[Black "Zuri, Amin-Barin"]
[Result "0-1"]
[WhiteElo "1658"]
[BlackElo "1844"]
[Annotator "ChessOrg"]
[PlyCount "71"]

1. d4 Nf6 2. c4 g6 3. Nc3 d5 4. cxd5 Nxd5 5. e4 Nxc3 6. bxc3 Bg7 7. Be3 O-O 8.
Bc4 c5 9. Ne2 Qc7 10. dxc5 Nc6 11. Qc2 Ne5 12. Bb3 Ng4 13. Bd4 e5 14. Be3 Nxe3
15. fxe3 Qxc5 16. O-O Qxe3+ 17. Kh1 Bg4 18. Rae1 Rac8 19. c4 Qc5 20. Nc1 b6 21.
Nd3 Qd4 22. h3 Be6 23. Nb2 Bh6 24. Rd1 Qc5 25. Qe2 Bg7 26. Rf3 Rcd8 27. Rfd3
Rd4 28. Na4 Qb4 29. Nb2 Rfd8 30. Qd2 Qc5 31. Qe2 f5 32. Na4 Qc6 33. Rxd4 exd4
34. exf5 Bxf5 35. Bc2 d3 36. Bxd3 0-1

[Event "28.Alpenpokal"]
[Site "?"]
[Date "2002.??.??"]
[Round "2"]
[White "Johne, Siegfried"]
[Black "Meyer, Thomas"]
[Result "1-0"]
[WhiteElo "1832"]
[BlackElo "1649"]
[Annotator "ChessOrg"]
[PlyCount "33"]

1. e4 c6 2. d4 d5 3. exd5 cxd5 4. c4 Nf6 5. Nc3 e6 6. c5 Be7 7. Nf3 O-O 8. Bd3
Nc6 9. a3 a5 10. Na4 Qc7 11. Bg5 Rb8 12. Nb6 Rd8 13. Bb5 Nd7 14. Bxc6 Nxb6 15.
cxb6 Qxc6 16. Bxe7 Rd7 17. Ne5 1-0

[Event "28.Alpenpokal"]
[Site "?"]
[Date "2002.??.??"]
[Round "2"]
[White "Moehring, Norbert"]
[Black "Winter, Rudolf"]
[Result "1-0"]
[WhiteElo "1818"]
[BlackElo "1640"]
[Annotator "ChessOrg"]
[PlyCount "67"]

1. b4 e5 2. Bb2 Bxb4 3. Bxe5 Nf6 4. Nc3 Bxc3 5. Bxc3 O-O 6. e3 d5 7. Nf3 Bg4 8.
h3 Bh5 9. Be2 Nbd7 10. O-O c5 11. a4 b6 12. a5 Qc7 13. Nh2 Bxe2 14. Qxe2 Rfe8
15. Ng4 d4 16. axb6 Qxb6 17. Rfb1 Qc6 18. Ra6 Qd5 19. Ba1 Qf5 20. Nxf6+ Nxf6
21. d3 Qd7 22. Qf3 Rab8 23. Rxb8 Rxb8 24. Qg3 Rb1+ 25. Kh2 Ne8 26. exd4 cxd4
27. Qe5 Rb4 28. Rxa7 Qc8 29. Re7 Kf8 30. Bxd4 f6 31. Rxe8+ Qxe8 32. Bc5+ Kf7
33. Qxe8+ Kxe8 34. Bxb4 1-0

[Event "28.Alpenpokal"]
[Site "?"]
[Date "2002.??.??"]
[Round "2"]
[White "Korhonen, Erkki"]
[Black "Dittler, Volkfried"]
[Result "1-0"]
[WhiteElo "1800"]
[BlackElo "1623"]
[Annotator "ChessOrg"]
[PlyCount "53"]

1. e4 e5 2. Nc3 d6 3. Nf3 Nf6 4. d4 exd4 5. Nxd4 Be7 6. Bg5 O-O 7. Qd2 Re8 8.
O-O-O Nc6 9. Kb1 a6 10. Nxc6 bxc6 11. Bc4 Be6 12. Bxe6 fxe6 13. h4 d5 14. Rh3
Ng4 15. Qf4 h5 16. f3 Rf8 17. Qg3 Bxg5 18. hxg5 Ne3 19. Rd3 Nc4 20. Rxh5 Qb8
21. Nd1 dxe4 22. g6 Rd8 23. Rh8+ Kxh8 24. Qh4+ Kg8 25. Qh7+ Kf8 26. Qh8+ Ke7
27. Qxg7+ 1-0

[Event "28.Alpenpokal"]
[Site "?"]
[Date "2002.??.??"]
[Round "2"]
[White "Thonig, Manfred"]
[Black "Buesdorf, Konrad"]
[Result "1-0"]
[WhiteElo "1551"]
[BlackElo "1796"]
[Annotator "ChessOrg"]
[PlyCount "58"]

1. f4 f5 2. e4 d6 3. Bd3 e6 4. Nf3 Be7 5. Nc3 Nh6 6. O-O O-O 7. b3 fxe4 8. Bxe4
Rxf4 9. d4 Rf8 10. Bxh6 gxh6 11. Qe1 Bf6 12. Rd1 c6 13. Ne2 Kh8 14. Ng3 Na6 15.
Nh5 Bd7 16. Qg3 Qe7 17. Nxf6 Rxf6 18. Qh4 Raf8 19. Rde1 d5 20. Bf5 Qg7 21. Bg4
c5 22. c3 cxd4 23. cxd4 Nb4 24. a3 Nc2 25. Rc1 Nxd4 26. Rc7 R6f7 27. Rxb7 Bb5
28. Rxf7 Rxf7 29. Rc1 Ne2+ 1-0

[Event "28.Alpenpokal"]
[Site "?"]
[Date "2002.??.??"]
[Round "2"]
[White "Panneke, Kurt"]
[Black "Aufmwasser, Guenter"]
[Result "1-0"]
[WhiteElo "1764"]
[BlackElo "1616"]
[Annotator "ChessOrg"]
[PlyCount "81"]

1. d4 f5 2. Nf3 Nf6 3. c4 e6 4. Bg5 c6 5. a3 Be7 6. Nc3 O-O 7. e3 d5 8. Bd3 Qe8
9. Qc2 Bd6 10. Bxf6 Rxf6 11. c5 Bc7 12. O-O-O e5 13. dxe5 Bxe5 14. Nd4 b5 15.
Qb3 Bxd4 16. exd4 Qf7 17. f4 a5 18. Rhe1 a4 19. Qc2 Re6 20. Bxf5 Rxe1 21. Bxh7+
Kf8 22. Rxe1 Bd7 23. g3 Na6 24. Bd3 Nc7 25. Na2 Ne6 26. Bg6 Qf6 27. Qf5 Nxd4
28. Qxf6+ gxf6 29. h4 Nb3+ 30. Kc2 Nxc5 31. h5 Ne6 32. Nb4 Kg7 33. Kd2 Nf8 34.
Re7+ Kh6 35. f5 Nxg6 36. fxg6 Be8 37. Rh7+ Kg5 38. g7 Bf7 39. Rh8 Rg8 40. h6
Kg6 41. Nxc6 1-0

[Event "28.Alpenpokal"]
[Site "?"]
[Date "2002.??.??"]
[Round "2"]
[White "Struwecker, Sigurd"]
[Black "Braunstein, Richard"]
[Result "0-1"]
[WhiteElo "1750"]
[BlackElo "1566"]
[Annotator "ChessOrg"]
[PlyCount "50"]

1. d4 Nf6 2. Nf3 g6 3. c4 Bg7 4. Nc3 O-O 5. e4 d6 6. Be2 Nc6 7. O-O Bg4 8. Be3
Re8 9. h3 Bxf3 10. Bxf3 e5 11. dxe5 Nxe5 12. Be2 Nfd7 13. Qc2 Nc6 14. Rac1 Nd4
15. Qd1 Nxe2+ 16. Qxe2 Bxc3 17. Rxc3 Rxe4 18. b3 Qe7 19. Rd1 Re8 20. Rcd3 f5
21. Qd2 Nc5 22. Bxc5 dxc5 23. Kf1 Re2 24. Qc3 Rxa2 25. R1d2 Qe1# 0-1

[Event "28.Alpenpokal"]
[Site "?"]
[Date "2002.??.??"]
[Round "2"]
[White "Schenfeld, Waldemar"]
[Black "Kahler, Kurt"]
[Result "1-0"]
[WhiteElo "1429"]
[BlackElo "1745"]
[Annotator "ChessOrg"]
[PlyCount "65"]

1. d4 Nf6 2. Nf3 g6 3. Nbd2 d5 4. e3 Bg7 5. c4 O-O 6. Qb3 c6 7. Be2 Qc7 8. Ne5
Be6 9. Ndf3 Nbd7 10. Bd2 Nxe5 11. Nxe5 Ne4 12. Nf3 Nd6 13. cxd5 Bxd5 14. Qc2
Rfe8 15. Rc1 Be4 16. Qb3 Bd5 17. Qxd5 cxd5 18. Rxc7 Rac8 19. Rxc8 Rxc8 20. O-O
Ne4 21. Rc1 Rxc1+ 22. Bxc1 Nd6 23. b3 e6 24. Ba3 Ne4 25. Bb2 f6 26. Bd3 Bf8 27.
Bxe4 dxe4 28. Nd2 f5 29. Nc4 Kf7 30. Na5 b6 31. Nc6 a5 32. Ne5+ Ke8 33. Nc4 1-0

[Event "28.Alpenpokal"]
[Site "?"]
[Date "2002.??.??"]
[Round "2"]
[White "Girod, Gudrun"]
[Black "Herzog, Manfred"]
[Result "1/2-1/2"]
[WhiteElo "1366"]
[BlackElo "1740"]
[Annotator "ChessOrg"]
[PlyCount "58"]

1. d4 Nf6 2. Nf3 e6 3. e3 b6 4. Be2 Bb7 5. O-O Be7 6. Nc3 O-O 7. Bd2 d6 8. h3
c5 9. Nh2 Nc6 10. Bf3 cxd4 11. exd4 d5 12. Be3 Ba6 13. Be2 Bb7 14. Ng4 Nxg4 15.
Bxg4 Ba6 16. Be2 Bxe2 17. Qxe2 Rc8 18. f4 Na5 19. Qd3 Nc4 20. Rab1 Nd6 21. Kh1
Nf5 22. Bf2 h5 23. g3 Bf6 24. Ne2 Rc7 25. c3 Qe7 26. Rbc1 Rfc8 27. Rcd1 g6 28.
Rg1 Qf8 29. Kh2 Qg7 1/2-1/2

[Event "28.Alpenpokal"]
[Site "?"]
[Date "2002.??.??"]
[Round "2"]
[White "Schneider, Miloca"]
[Black "Wahl, Hedi"]
[Result "1-0"]
[WhiteElo "2078"]
[BlackElo "1436"]
[Annotator "ChessOrg"]
[PlyCount "74"]

1. d4 g6 2. c4 d6 3. e4 Bg7 4. Nc3 e5 5. d5 Nf6 6. Bd3 a5 7. Nge2 Nbd7 8. Na4
O-O 9. f3 c5 10. O-O Nb6 11. Nac3 Bd7 12. a4 Nc8 13. Bd2 b6 14. Ra2 Rb8 15. f4
Bg4 16. f5 Ne7 17. h3 Bxe2 18. Qxe2 Kh8 19. g4 Neg8 20. Qf2 Qd7 21. g5 Nh5 22.
Qh4 Rfe8 23. Be2 Nf4 24. Bg4 Qd8 25. f6 Bf8 26. Qg3 h5 27. Qh4 Kh7 28. Rxf4
exf4 29. Bxh5 Bh6 30. Bg4 Re5 31. Bxf4 Qf8 32. b3 Rbe8 33. Re2 Ne7 34. fxe7 Qg7
35. Qxh6+ Qxh6 36. gxh6 R8xe7 37. Bxe5 Rxe5 1-0

[Event "28.Alpenpokal"]
[Site "?"]
[Date "2002.??.??"]
[Round "2"]
[White "Weissenfels, Gerd"]
[Black "Boehm, Karl"]
[Result "0-1"]
[WhiteElo "1300"]
[BlackElo "1681"]
[Annotator "ChessOrg"]
[PlyCount "48"]

1. e4 c5 2. d3 d6 3. Nc3 g6 4. Bd2 Bg7 5. Be2 Nf6 6. Nf3 O-O 7. O-O Nc6 8. a3
a6 9. Qc1 Re8 10. Bg5 Be6 11. h3 Nd7 12. Nd5 b5 13. c3 Nce5 14. Nxe5 Nxe5 15.
f4 Nc6 16. g4 f6 17. f5 Bxd5 18. exd5 Ne5 19. Bh6 Qb6 20. Kg2 Qb7 21. c4 bxc4
22. dxc4 Qb3 23. Bxg7 Kxg7 24. Rf3 Nxf3 0-1

[Event "28.Alpenpokal"]
[Site "?"]
[Date "2002.??.??"]
[Round "3"]
[White "Assmann, Thomas"]
[Black "Walther, Diethelm"]
[Result "1-0"]
[WhiteElo "2334"]
[BlackElo "2101"]
[Annotator "ChessOrg"]
[PlyCount "49"]

1. d4 d5 2. Nf3 Bf5 3. c4 c6 4. Nc3 e6 5. Qb3 Qb6 6. c5 Qxb3 7. axb3 Na6 8. e4
Nb4 9. Ra4 dxe4 10. Rxb4 exf3 11. Rxb7 e5 12. Be3 exd4 13. Bxd4 fxg2 14. Bxg2
Ne7 15. Be5 Bd7 16. Ne4 Ng6 17. Nd6+ Bxd6 18. Bxd6 Nh4 19. Be4 f5 20. Bd3 Nf3+
21. Ke2 Ng5 22. Rg1 Ne6 23. Bc4 Nd8 24. Rc7 g6 25. Kd2 1-0

[Event "28.Alpenpokal"]
[Site "?"]
[Date "2002.??.??"]
[Round "3"]
[White "Perk, Egbert"]
[Black "Jolowicz, Matias"]
[Result "1/2-1/2"]
[WhiteElo "2063"]
[BlackElo "2275"]
[Annotator "ChessOrg"]
[PlyCount "39"]

1. d4 Nf6 2. c4 e5 3. dxe5 Ne4 4. a3 d6 5. Nf3 Nc6 6. Nbd2 Nxd2 7. Qxd2 dxe5 8.
Qxd8+ Kxd8 9. e3 Be7 10. Bd2 e4 11. Nd4 Ne5 12. Bc3 Bf6 13. O-O-O Bd7 14. h3 a6
15. Be2 Kc8 16. f4 exf3 17. gxf3 c5 18. Nc2 Be6 19. f4 Nd7 20. Bxf6 1/2-1/2

[Event "28.Alpenpokal"]
[Site "?"]
[Date "2002.??.??"]
[Round "3"]
[White "Feller, Joseph"]
[Black "Kleifges, Matthias"]
[Result "1/2-1/2"]
[WhiteElo "2209"]
[BlackElo "2067"]
[Annotator "ChessOrg"]
[PlyCount "49"]

1. e4 e6 2. Nf3 d5 3. Nc3 Nf6 4. e5 Nfd7 5. Ne2 c5 6. c3 d4 7. Ng3 Nc6 8. Bb5
Qc7 9. Bxc6 bxc6 10. Qe2 d3 11. Qxd3 Nxe5 12. Nxe5 Qxe5+ 13. Qe2 Qd5 14. O-O c4
15. Qe4 Bd6 16. Qxd5 cxd5 17. b3 a5 18. bxc4 Ba6 19. Re1 Bxc4 20. Nf5 Kd7 21.
Nxd6 Kxd6 22. f3 f6 23. Re3 Rab8 24. d3 Ba6 25. Ba3+ 1/2-1/2

[Event "28.Alpenpokal"]
[Site "?"]
[Date "2002.??.??"]
[Round "3"]
[White "Doehner, Hans-Juergen"]
[Black "Martino-Gross, Peter"]
[Result "1-0"]
[WhiteElo "2171"]
[BlackElo "1963"]
[Annotator "ChessOrg"]
[PlyCount "119"]

1. e4 e6 2. d4 d5 3. e5 c5 4. c3 Qb6 5. Nf3 Nc6 6. Be2 cxd4 7. cxd4 Nh6 8. b3
Bb4+ 9. Kf1 Nf5 10. Bb2 Be7 11. g3 O-O 12. Kg2 Bd7 13. Na3 Rfc8 14. Nc2 Rc7 15.
Bd3 Rac8 16. h4 Nb4 17. Nxb4 Bxb4 18. g4 Ne7 19. Rc1 Rxc1 20. Bxc1 Bb5 21. a3
Bxd3 22. Qxd3 Bc3 23. Be3 Rc6 24. Rc1 Bb2 25. Rxc6 Qxc6 26. a4 a6 27. Bd2 Bc1
28. Ng5 Ng6 29. h5 Bxd2 30. Qxd2 Nf8 31. f4 h6 32. Nf3 b6 33. Kg3 a5 34. f5
exf5 35. gxf5 Qc7 36. Ne1 Nh7 37. Nf3 Nf6 38. Kh4 Ne4 39. Qg2 Qc1 40. f6 Qf4+
41. Qg4 Qxg4+ 42. Kxg4 gxf6 43. exf6 Nxf6+ 44. Kf5 Nxh5 45. Ke5 Kf8 46. Kxd5
Nf4+ 47. Kc6 Nd3 48. Kxb6 Nc1 49. Kxa5 Nxb3+ 50. Kb6 Ke7 51. a5 Nxa5 52. Kxa5
Kd6 53. Kb4 Kd5 54. Kc3 Ke4 55. Nd2+ Kd5 56. Kd3 h5 57. Nf3 f5 58. Ke3 h4 59.
Nxh4 f4+ 60. Kd3 1-0

[Event "28.Alpenpokal"]
[Site "?"]
[Date "2002.??.??"]
[Round "3"]
[White "Heissenbuettel, Hans-Erich"]
[Black "Watson, Ron"]
[Result "1/2-1/2"]
[WhiteElo "1923"]
[BlackElo "2200"]
[Annotator "ChessOrg"]
[PlyCount "82"]

1. c4 e6 2. Nf3 Nf6 3. b3 b6 4. g3 Bb7 5. Bg2 Be7 6. O-O O-O 7. Bb2 d6 8. d4
Nbd7 9. Nbd2 c5 10. Re1 Qc7 11. e4 cxd4 12. Nxd4 a6 13. Qe2 Rac8 14. Rac1 Rfd8
15. f4 Qc5 16. Kh1 g6 17. f5 exf5 18. exf5 Bxg2+ 19. Kxg2 Ne5 20. N2f3 Nfd7 21.
fxg6 hxg6 22. Nxe5 dxe5 23. Nf3 f6 24. g4 g5 25. Nd4 Nf8 26. Qe4 Kf7 27. Nf5
Rd2+ 28. Re2 Rxe2+ 29. Qxe2 Ng6 30. Qe4 Rd8 31. Bc3 Nf4+ 32. Kf1 Nh3 33. Qe3
Qxe3 34. Nxe3 Nf4 35. Rd1 Rxd1+ 36. Nxd1 Ke6 37. b4 f5 38. gxf5+ Kxf5 39. Nf2
e4 40. Nd1 Kg4 41. a3 Ne6 1/2-1/2

[Event "28.Alpenpokal"]
[Site "?"]
[Date "2002.??.??"]
[Round "3"]
[White "Schumacher, Gottfried"]
[Black "Jaeger, Erich"]
[Result "1-0"]
[WhiteElo "2186"]
[BlackElo "1906"]
[Annotator "ChessOrg"]
[PlyCount "65"]

1. d4 Nf6 2. g3 g6 3. Bg2 Bg7 4. e4 O-O 5. Nc3 d6 6. Bg5 h6 7. Bxf6 Bxf6 8. Qd2
Bg7 9. O-O-O Nc6 10. Nge2 Rb8 11. f4 b5 12. Kb1 b4 13. Nd5 Bg4 14. e5 Bd7 15.
Rhg1 a5 16. Ne3 a4 17. g4 b3 18. cxb3 axb3 19. a3 Na7 20. f5 dxe5 21. dxe5 Bb5
22. Qc3 Qc8 23. Nf4 g5 24. Ned5 Re8 25. Nh5 Be2 26. Nxg7 Bxd1 27. e6 Bc2+ 28.
Ka1 f6 29. Nxe8 Qxe8 30. Qxc7 Nb5 31. Nxe7+ Kg7 32. Qc5 Nxa3 33. Qxa3 1-0

[Event "28.Alpenpokal"]
[Site "?"]
[Date "2002.??.??"]
[Round "3"]
[White "Macher, Claus"]
[Black "Graf, Joachim"]
[Result "1/2-1/2"]
[WhiteElo "1903"]
[BlackElo "2171"]
[Annotator "ChessOrg"]
[PlyCount "135"]

1. d4 d5 2. c4 e6 3. Nc3 Nf6 4. Bg5 Be7 5. e3 h6 6. Bh4 O-O 7. Nf3 b6 8. cxd5
Nxd5 9. Bxe7 Qxe7 10. g3 Rd8 11. Bg2 Ba6 12. Bf1 Bb7 13. Bg2 Ba6 14. Bf1 Bb7
15. Bg2 c5 16. O-O Nc6 17. Nxd5 exd5 18. dxc5 bxc5 19. Qd2 Rab8 20. b3 Bc8 21.
Rac1 Be6 22. Qc3 c4 23. Rfd1 Nb4 24. Qa1 Nd3 25. Rc3 Qf6 26. Rf1 Rb6 27. Nd4
Rdb8 28. Qd1 a5 29. Qd2 Qe7 30. e4 dxe4 31. Bxe4 Nc5 32. Bc2 cxb3 33. axb3 Bh3
34. Re1 Qd6 35. Qe3 Ne6 36. Rd1 Nxd4 37. Rxd4 Qf6 38. Rf4 Qg5 39. Qd3 g6 40.
Qd4 Be6 41. Rc5 Qe7 42. Rxa5 Bxb3 43. Re4 Be6 44. Re1 Qc7 45. Be4 Rb4 46. Qa1
Rb2 47. Ra8 Qb6 48. Rxb8+ Qxb8 49. Qa8 Qxa8 50. Bxa8 g5 51. Rd1 Kg7 52. Bd5 Bf5
53. Bg2 g4 54. f3 h5 55. fxg4 hxg4 56. Rd6 f6 57. Rd8 Be6 58. Rd1 Kg6 59. Re1
Bc4 60. Rc1 Be2 61. Rc5 Rd2 62. Ra5 Bd1 63. Be4+ f5 64. Bxf5+ Kf6 65. Be4 Be2
66. Rf5+ Ke6 67. Rf2 Ke5 68. Bb7 1/2-1/2

[Event "28.Alpenpokal"]
[Site "?"]
[Date "2002.??.??"]
[Round "3"]
[White "Bierwisch, Bernhard"]
[Black "Spurga, Josef"]
[Result "1-0"]
[WhiteElo "2167"]
[BlackElo "1899"]
[Annotator "ChessOrg"]
[PlyCount "53"]

1. e4 c5 2. Nc3 Nc6 3. g3 g6 4. Bg2 Bg7 5. d3 e6 6. Be3 d6 7. Nh3 Nge7 8. Qd2
h6 9. O-O a6 10. f4 Bd4 11. Nd1 Bd7 12. c3 Bg7 13. Ndf2 Qc7 14. e5 b6 15. d4
Rd8 16. Ne4 Nf5 17. g4 dxe5 18. fxe5 Nxe5 19. gxf5 Nc4 20. Qf2 gxf5 21. Bf4 e5
22. Qg3 Kf8 23. dxe5 Bxe5 24. Nf6 Be6 25. Rad1 Bxf4 26. Nxf4 Qe7 27. N4h5 1-0

[Event "28.Alpenpokal"]
[Site "?"]
[Date "2002.??.??"]
[Round "3"]
[White "Mueller, Helmut"]
[Black "Wunderer, Eckart"]
[Result "1/2-1/2"]
[WhiteElo "1870"]
[BlackElo "2151"]
[Annotator "ChessOrg"]
[PlyCount "62"]

1. e4 d6 2. d4 Nf6 3. Nc3 c6 4. Bg5 Nbd7 5. Nf3 e5 6. dxe5 dxe5 7. a3 Be7 8.
Bc4 O-O 9. O-O Qc7 10. h3 Nc5 11. Qe2 Be6 12. Rad1 b5 13. Bxe6 Nxe6 14. Be3 a5
15. Nd2 b4 16. Na4 bxa3 17. bxa3 Bxa3 18. Nc4 Be7 19. Bb6 Qb8 20. Nxa5 Nd4 21.
Qc4 Nxe4 22. Bxd4 Rxa5 23. Bb6 Rxa4 24. Qxa4 Nc3 25. Qxc6 Nxd1 26. Rxd1 Rc8 27.
Qd7 Bf6 28. Ba5 Rxc2 29. Bd8 h6 30. Qe8+ Kh7 31. Qxf7 Rc6 1/2-1/2

[Event "28.Alpenpokal"]
[Site "?"]
[Date "2002.??.??"]
[Round "3"]
[White "Schuler, Georg"]
[Black "Eidam, Horst"]
[Result "0-1"]
[WhiteElo "2148"]
[BlackElo "1889"]
[Annotator "ChessOrg"]
[PlyCount "88"]

1. c4 c5 2. Nc3 Nc6 3. g3 g6 4. Bg2 Bg7 5. e3 Nf6 6. Nge2 O-O 7. O-O d6 8. d4
a6 9. b3 Rb8 10. a4 Bf5 11. Ba3 Qa5 12. Rc1 Nb4 13. Bxb4 Qxb4 14. e4 cxd4 15.
Nxd4 Bd7 16. Re1 e6 17. Nce2 e5 18. Nc2 Qxb3 19. Qxd6 Qxa4 20. Qxe5 Rfe8 21.
Qd6 Qc6 22. Qd3 Qc7 23. Nb4 Qe5 24. Nf4 Bh6 25. Qe3 Rbc8 26. Nbd3 Qc7 27. Qe2
Bc6 28. f3 Nd7 29. Bh3 Rcd8 30. Kg2 Ne5 31. Rc2 Nxd3 32. Nxd3 Qd6 33. Nf2 Ba4
34. Rb2 b5 35. Ng4 Bg7 36. e5 Qd3 37. cxb5 Bxb5 38. Qxd3 Rxd3 39. f4 Red8 40.
Ree2 Rd1 41. Rf2 Bc6+ 42. Rf3 R1d3 43. Rbf2 Rxf3 44. Rxf3 Rd3 0-1

[Event "28.Alpenpokal"]
[Site "?"]
[Date "2002.??.??"]
[Round "3"]
[White "Wassem, Michael"]
[Black "Rodemann, Edmund"]
[Result "0-1"]
[WhiteElo "1401"]
[BlackElo "2064"]
[Annotator "ChessOrg"]
[PlyCount "84"]

1. d4 f5 2. c4 Nf6 3. Nc3 d6 4. Nf3 g6 5. g3 Bg7 6. Bg2 O-O 7. O-O Qe8 8. Re1
Qf7 9. b3 Ne4 10. Bb2 Nc6 11. Nb5 e5 12. e3 a6 13. Na3 Bd7 14. Nd2 Nxd2 15. Bd5
Be6 16. Bxe6 Qxe6 17. d5 Qf7 18. Qxd2 Ne7 19. Rf1 f4 20. exf4 exf4 21. Bxg7
Kxg7 22. Nc2 c5 23. Rae1 Rae8 24. Re6 fxg3 25. Qc3+ Kg8 26. Qxg3 Nf5 27. Qg4
Rxe6 28. dxe6 Qxe6 29. Ne3 Nd4 30. Qxe6+ Nxe6 31. Rd1 Nd4 32. Kg2 Kf7 33. Nd5
Re8 34. Ne3 Re5 35. Kh1 Ke6 36. Re1 Nf5 37. Kg2 Nxe3+ 38. Rxe3 Rxe3 39. fxe3 d5
40. cxd5+ Kxd5 41. Kg3 Ke4 42. Kg4 h6 0-1

[Event "28.Alpenpokal"]
[Site "?"]
[Date "2002.??.??"]
[Round "3"]
[White "Varain, Ernst-Helmut"]
[Black "Reinkoester, Michael"]
[Result "1/2-1/2"]
[WhiteElo "2077"]
[BlackElo "1786"]
[Annotator "ChessOrg"]
[PlyCount "90"]

1. e4 c5 2. Nf3 d6 3. d4 cxd4 4. Nxd4 Nf6 5. Nc3 Nc6 6. Bg5 e6 7. Be2 a6 8. Qd2
Be7 9. f4 Qc7 10. O-O-O h6 11. Bh4 Nxd4 12. Qxd4 Qc5 13. Qxc5 dxc5 14. e5 Ng8
15. Bxe7 Nxe7 16. Ne4 Nd5 17. g3 Ke7 18. Nxc5 b6 19. Ne4 Bb7 20. Bf3 Rab8 21.
Rhe1 Rhd8 22. c3 Ba8 23. Rd4 Rbc8 24. Nd6 Rc5 25. Bxd5 Rxd5 26. Rxd5 Bxd5 27.
b3 f6 28. c4 Ba8 29. Kd2 fxe5 30. fxe5 Rf8 31. Re2 Bc6 32. Ke1 Rf3 33. Nc8+ Kd7
34. Nxb6+ Kc7 35. c5 Rc3 36. b4 a5 37. a3 Rxa3 38. bxa5 Rxa5 39. Rc2 Ra1+ 40.
Kf2 Rh1 41. Ke3 Re1+ 42. Re2 Rc1 43. Kd4 Rd1+ 44. Kc3 Rc1+ 45. Kd4 Rd1+ 1/2-1/2

[Event "28.Alpenpokal"]
[Site "?"]
[Date "2002.??.??"]
[Round "3"]
[White "Reinke, Kurt"]
[Black "Froehlich, Rainer"]
[Result "1-0"]
[WhiteElo "1863"]
[BlackElo "1933"]
[Annotator "ChessOrg"]
[PlyCount "81"]

1. d4 Nf6 2. c4 c5 3. d5 b5 4. cxb5 a6 5. b6 d6 6. Nc3 Qxb6 7. e4 g6 8. Nf3 Bg7
9. Nd2 Qc7 10. Be2 Nbd7 11. a4 O-O 12. O-O Bb7 13. a5 Rfe8 14. Nc4 e6 15. Bf4
Bf8 16. dxe6 Rxe6 17. f3 Rae8 18. Ne3 Ne5 19. Bg5 Bg7 20. Ned5 Qb8 21. Qd2 Rf8
22. f4 Ned7 23. Bf3 Nxd5 24. exd5 Ree8 25. Rfe1 Rxe1+ 26. Rxe1 Re8 27. Re2 Kf8
28. g4 Bc8 29. Rxe8+ Kxe8 30. Qe2+ Kf8 31. Qe7+ Kg8 32. Qd8+ Nf8 33. Ne4 Qb3
34. Kg2 Qc2+ 35. Kg3 Bxg4 36. Bxg4 f5 37. Nf6+ Bxf6 38. Bxf6 Qb3+ 39. Bf3 Qe3
40. Qe7 Qxe7 41. Bxe7 1-0

[Event "28.Alpenpokal"]
[Site "?"]
[Date "2002.??.??"]
[Round "3"]
[White "Fischer, Ernst"]
[Black "Johne, Siegfried"]
[Result "1-0"]
[WhiteElo "2197"]
[BlackElo "1832"]
[Annotator "ChessOrg"]
[PlyCount "32"]

1. e4 c5 2. Nf3 e6 3. d4 cxd4 4. Nxd4 a6 5. Be2 Nf6 6. Bf3 Nc6 7. O-O Be7 8. c4
d6 9. Nxc6 bxc6 10. e5 Nd7 11. Bxc6 Rb8 12. exd6 Bf6 13. Nd2 O-O 14. Bxd7 Qxd7
15. Ne4 Bb7 16. Nxf6+ gxf6 1-0

[Event "28.Alpenpokal"]
[Site "?"]
[Date "2002.??.??"]
[Round "3"]
[White "Moehring, Norbert"]
[Black "Boeven, Manfred"]
[Result "0-1"]
[WhiteElo "1818"]
[BlackElo "2126"]
[Annotator "ChessOrg"]
[PlyCount "64"]

1. b4 e5 2. Bb2 Bxb4 3. Bxe5 Nf6 4. Nc3 Be7 5. e3 O-O 6. Rb1 c6 7. Bd3 d5 8.
Nce2 Nbd7 9. Nf3 Nxe5 10. Nxe5 Bd6 11. f4 Bxe5 12. fxe5 Ng4 13. Nf4 Qg5 14. O-O
Nxe5 15. Rb4 b6 16. Be2 c5 17. Rb1 Ng6 18. Bf3 Nxf4 19. exf4 Qxf4 20. c3 Qd6
21. d4 Bf5 22. Rb5 Rac8 23. dxc5 Rxc5 24. Rb4 Rxc3 25. Rd4 Qc5 26. Kh1 Be6 27.
Rh4 Rc8 28. Be2 Rc1 29. Qd3 Rxf1+ 30. Bxf1 Qf2 31. g3 Bf5 32. Qa6 Rc1 0-1

[Event "28.Alpenpokal"]
[Site "?"]
[Date "2002.??.??"]
[Round "3"]
[White "Korhonen, Erkki"]
[Black "Gerhards, Walter"]
[Result "1-0"]
[WhiteElo "1800"]
[BlackElo "2086"]
[Annotator "ChessOrg"]
[PlyCount "105"]

1. c4 Nf6 2. Nc3 c5 3. Nf3 Nc6 4. g3 e6 5. Bg2 Be7 6. d4 cxd4 7. Nxd4 O-O 8.
O-O a6 9. e4 e5 10. Nc2 d6 11. h3 Be6 12. Nd5 Rc8 13. b3 Bxd5 14. cxd5 Nb8 15.
Ne3 g6 16. Bb2 Nbd7 17. f4 Qb6 18. Qe2 Nh5 19. Kh2 exf4 20. gxf4 Bf6 21. Ng4
Bxb2 22. Qxb2 f6 23. Rae1 Qb4 24. Re3 Rc7 25. a3 Qc5 26. b4 Qc2 27. Re2 Qxb2
28. Rxb2 Rfc8 29. e5 fxe5 30. fxe5 dxe5 31. d6 Rc2 32. Rf2 Rxb2 33. Rxb2 b6 34.
Bb7 Rc3 35. Bxa6 Nf4 36. Nf2 Rxa3 37. Bc8 Ra7 38. Rc2 Ne6 39. Ne4 Kg7 40. Rc6
b5 41. Nc5 Ra2+ 42. Kg3 Ndxc5 43. bxc5 Ng5 44. Rc7+ Kf6 45. h4 Ne4+ 46. Kf3 Nc3
47. Rxh7 e4+ 48. Ke3 Re2+ 49. Kd4 b4 50. Kc4 Rd2 51. Kxb4 Na2+ 52. Kb5 e3 53.
Re7 1-0

[Event "28.Alpenpokal"]
[Site "?"]
[Date "2002.??.??"]
[Round "3"]
[White "Buesdorf, Konrad"]
[Black "Johannsen, Ingbert"]
[Result "1-0"]
[WhiteElo "1796"]
[BlackElo "2037"]
[Annotator "ChessOrg"]
[PlyCount "103"]

1. b4 e5 2. Bb2 Bxb4 3. Bxe5 Nf6 4. e3 d5 5. Nf3 O-O 6. Be2 c5 7. O-O Nc6 8.
Bb2 Re8 9. a3 Ba5 10. Bb5 Bg4 11. d3 Qd6 12. h3 Bh5 13. Nbd2 Bxd2 14. Qxd2 Bxf3
15. gxf3 Ne5 16. Qd1 Re6 17. d4 cxd4 18. Bxd4 Nc6 19. Bb2 Rd8 20. Bd3 Nh5 21.
f4 Rh6 22. Qf3 Qe6 23. Qg4 Qe7 24. Kh2 d4 25. Rg1 Qf8 26. Rg2 Nf6 27. Qg5 Kh8
28. Rag1 Ne8 29. Be4 f6 30. Qb5 Nd6 31. Qd3 Nxe4 32. Qxe4 dxe3 33. fxe3 Rd7 34.
Qf5 Qd8 35. e4 Ne7 36. Qe6 Rg6 37. f5 Rxg2+ 38. Rxg2 Nc6 39. Bc3 Qb8+ 40. Rg3
Re7 41. Qd5 h5 42. Kg2 Qe8 43. Re3 Kh7 44. Qd3 Rd7 45. Qe2 Kh6 46. Rg3 Qe7 47.
Rg6+ Kh7 48. Qxh5+ Kg8 49. Rg4 Ne5 50. Rh4 Qxa3 51. Qe8+ Qf8 52. Rh8+ 1-0